[Event "Gothenburg"]
[Site "Gothenburg"]
[Date "2008.08.02"]
[Round "1"]
[White "Ask, Josef"]
[Black "Bronznik, Valerij"]
[Result "1-0"]
[WhiteElo "2246"]
[BlackElo "2362"]
[PlyCount "231"]
[EventDate "2008.08.02"]
[EventType "tourn"]
[EventRounds "9"]
[EventCountry "SWE"]
[EventCategory "3"]
[SourceTitle "CBM 125 Extra"]
[Source "ChessBase"]
[SourceDate "2008.09.01"]
[SourceVersion "1"]
[SourceVersionDate "2008.09.01"]
[SourceQuality "1"]

1. e4 c5 2. Nf3 Nc6 3. c3 d5 4. exd5 Qxd5 5. d4 Nf6 6. Na3 Bg4 7. Be2 cxd4 8. Nb5 Rc8 9. Nbxd4 Nxd4 10. cxd4 Bd7 11. 0-0 Bc6 12. Be3 e6 13. Qb1 Be7 14. b4 Bb5 15. Bxb5+ Qxb5 16. a3 0-0 17. Bd2 Qa4 18. Qd3 a6 19. Rfc1 Qb5 20. Qb3 Qd5 21. Qb2 Ne4 22. Be3 b6 23. h3 Nd6 24. Bf4 Nc4 25. Qe2 b5 26. Rd1 Nb6 27. Ne5 Rc3 28. Ng4 Rfc8 29. Be5 Qc4 30. Qd2 Nd5 31. Qe1 Rc2 32. f3 Qe2 33. Qg3 f6 34. Re1 Qd2 35. Rad1 Qg5 36. Bd6 Kf7 37. Bxe7 Kxe7 38. Re4 h5 39. Rde1 R2c6 40. Kh2 hxg4 41. Rxg4 Qh6 42. Rh4 Qg5 43. Rg4 Qf5 44. Rxg7+ Ke8 45. Re4 R6c7 46. Rh4 Re7 47. Rg8+ Kd7 48. Rxc8 Kxc8 49. Rh8+ Kd7 50. Qg8 Qf4+ 51. Kh1 Qc1+ 52. Kh2 Qf4+ 53. Kh1 Qc1+ 54. Kh2 Qc7+ 55. Kg1 Nb6 56. Qg6 Qc1+ 57. Kh2 Qf4+ 58. Kh1 Qc1+ 59. Kh2 Qf4+ 60. Kh1 Qxd4 61. h4 Qa1+ 62. Kh2 Qe5+ 63. Kh1 Kc6 64. Rh5 f5 65. Rh6 Rd7 66. Qxe6+ Qxe6 67. Rxe6+ Rd6 68. Re5 f4 69. Rc5+ Kd7 70. Rf5 Nd5 71. Kh2 Ke6 72. Rf8 Ke5 73. Kh3 Ne3 74. Rg8 Rh6 75. Re8+ Kf5 76. Rf8+ Rf6 77. Rg8 Nc4 78. h5 Nxa3 79. Kh4 Nc2 80. Rc8 Nxb4 81. Rc5+ Ke6 82. Kg5 Rf8 83. h6 Nd5 84. h7 b4 85. Rc6+ Kd7 86. Rxa6 b3 87. Ra3 Nf6 88. Ra7+ Kc6 89. Ra6+ Kc5 90. Rxf6 Rh8 91. Rf7 b2 92. Rb7 Rxh7 93. Rxb2 Rf7 94. Rd2 Kc4 95. Rd6 Rg7+ 96. Kxf4 Rxg2 97. Kf5 Kc5 98. Rd8 Kc6 99. f4 Kc7 100. Rd4 Rg8 101. Ke6 Re8+ 102. Kf7 Rh8 103. f5 Rh7+ 104. Kg6 Rh1 105. f6 Rg1+ 106. Kf7 Rf1 107. Kg7 Rg1+ 108. Kf7 Rf1 109. Rd5 Kc6 110. Rd2 Kc7 111. Rd4 Rf2 112. Ke6 Re2+ 113. Kf5 Rf2+ 114. Rf4 Ra2 115. f7 Ra8 116. Ke6 1-0

[Event "Val Thorens op 34th"]
[Site "Val Thorens"]
[Date "2008.07.27"]
[Round "9"]
[White "Solodovnichenko, Yuri"]
[Black "Bronznik, Valerij"]
[Result "1-0"]
[WhiteElo "2541"]
[BlackElo "2362"]
[PlyCount "73"]
[EventDate "2008.07.19"]
[EventType "swiss"]
[EventRounds "9"]
[EventCountry "FRA"]
[SourceTitle "EXT 2009"]
[Source "ChessBase"]
[SourceDate "2008.11.26"]
[SourceVersion "1"]
[SourceVersionDate "2008.11.26"]
[SourceQuality "1"]

1. e4 c5 2. Nc3 Nc6 3. Nge2 Nf6 4. d4 cxd4 5. Nxd4 e5 6. Ndb5 d6 7. Bg5 a6 8. Na3 b5 9. Nd5 Be7 10. Bxf6 Bxf6 11. c4 b4 12. Nc2 a5 13. g3 0-0 14. h4 Be6 15. Bh3 a4 16. Nce3 Nd4 17. Kf1 b3 18. Kg2 g6 19. h5 Bg5 20. hxg6 hxg6 21. f4 Be7 22. Bxe6 fxe6 23. Rh6 Kg7 24. Qh1 Rh8 25. Rxh8 Qxh8 26. Qxh8+ Rxh8 27. Nxe7 Re8 28. fxe5 dxe5 29. axb3 Nxb3 30. Rxa4 Rxe7 31. Rb4 Nd2 32. c5 Rc7 33. Kf2 Rxc5 34. Ke2 Nb1 35. Rc4 Ra5 36. Rc1 Ra1 37. Kd3 1-0

[Event "Val Thorens op 34th"]
[Site "Val Thorens"]
[Date "2008.07.21"]
[Round "3"]
[White "Ivanov, Mikhail M"]
[Black "Bronznik, Valerij"]
[Result "1-0"]
[WhiteElo "2489"]
[BlackElo "2362"]
[PlyCount "103"]
[EventDate "2008.07.19"]
[EventType "swiss"]
[EventRounds "9"]
[EventCountry "FRA"]
[SourceTitle "EXT 2009"]
[Source "ChessBase"]
[SourceDate "2008.11.26"]
[SourceVersion "1"]
[SourceVersionDate "2008.11.26"]
[SourceQuality "1"]

1. Nf3 Nf6 2. c4 g6 3. Nc3 Bg7 4. e4 d6 5. d4 0-0 6. Be2 Na6 7. Be3 Qe8 8. h3 e5 9. d5 Bd7 10. g4 Nc5 11. Nd2 Qc8 12. b4 Na6 13. a3 c5 14. Rb1 b6 15. g5 Ne8 16. h4 f5 17. f3 f4 18. Bf2 h5 19. Bd3 Rf7 20. Bc2 Bf8 21. Ba4 Nb8 22. Qb3 Bxa4 23. Qxa4 Qd7 24. Ke2 Qxa4 25. Nxa4 Rc7 26. Nb2 Nd7 27. Nd3 Kf7 28. Rb2 Ke7 29. Ra1 Kd8 30. a4 Rcc8 31. a5 Rab8 32. Nb1 Nc7 33. Nc3 Ke8 34. bxc5 dxc5 35. Rab1 Bd6 36. Na4 Na8 37. Be1 Ke7 38. Bc3 Ke8 39. Kd2 Kf7 40. Kc2 Re8 41. Be1 Rec8 42. Bf2 Ke7 43. Nc1 Ke8 44. Kd3 Ke7 45. Na2 bxa5 46. Rxb8 Bxb8 47. Rb7 Kd6 48. N2c3 a6 49. Bxc5+ Nxc5+ 50. Nxc5 Bc7 51. Nxa6 Bb6 52. Nb5# 1-0

[Event "Val Thorens op 34th"]
[Site "Val Thorens"]
[Date "2008.07.20"]
[Round "2"]
[White "Bronznik, Valerij"]
[Black "Le Fournier, Pascal"]
[Result "1-0"]
[WhiteElo "2362"]
[BlackElo "2090"]
[PlyCount "39"]
[EventDate "2008.07.19"]
[EventType "swiss"]
[EventRounds "9"]
[EventCountry "FRA"]
[SourceTitle "EXT 2009"]
[Source "ChessBase"]
[SourceDate "2008.11.26"]
[SourceVersion "1"]
[SourceVersionDate "2008.11.26"]
[SourceQuality "1"]

1. Nf3 Nf6 2. d4 e6 3. c4 b6 4. a3 Ba6 5. Qc2 Bb7 6. Nc3 c5 7. dxc5 bxc5 8. e4 d6 9. Bf4 Qa5 10. Be3 Be7 11. Rg1 Nc6 12. b4 cxb4 13. axb4 Qh5 14. Be2 0-0 15. b5 Nb4 16. Qb3 d5 17. cxd5 exd5 18. Nd4 Qg6 19. Nf5 Bc5 20. Nh4 1-0

[Event "Liechtenstein op 26th"]
[Site "Triesen"]
[Date "2008.05.01"]
[Round "7"]
[White "Matocha, Pavel"]
[Black "Bronznik, Valerij"]
[Result "0-1"]
[WhiteElo "2005"]
[BlackElo "2373"]
[PlyCount "74"]
[EventDate "2008.04.25"]
[EventType "swiss"]
[EventRounds "9"]
[EventCountry "LIE"]
[SourceTitle "CBM 123 Extra"]
[Source "ChessBase"]
[SourceDate "2008.05.06"]
[SourceVersion "1"]
[SourceVersionDate "2008.05.06"]
[SourceQuality "1"]

1. e4 c5 2. Nf3 a6 3. c4 d6 4. Nc3 Bg4 5. Be2 Nc6 6. 0-0 g6 7. Ng5 Bd7 8. f4 Bg7 9. f5 Nf6 10. d3 h6 11. Nh3 gxf5 12. exf5 Nd4 13. Nf4 Nxf5 14. Nh5 Nxh5 15. Bxh5 0-0 16. Bg4 Nd4 17. Bxd7 Qxd7 18. Qh5 Qe6 19. Bd2 Qg6 20. Qh3 e6 21. Rf4 f5 22. Rh4 Kh7 23. Kh1 e5 24. g4 f4 25. Ne4 Ne6 26. Rh5 Kg8 27. g5 Nxg5 28. Nxg5 hxg5 29. Rg1 Rf5 30. Qg4 Kf7 31. h4 Rh8 32. Rxg5 Qxg5 33. Qxg5 Rxg5 34. Rxg5 Rxh4+ 35. Kg1 Rh3 36. d4 cxd4 37. Bb4 d3 0-1